000 00752nam a2200241 i 4500
001 bg
245 0 0 _aKodeks pracy :
_bnajnowsze zmiany, objaśnienia, wybrane ustawy, skorowidz rzeczowy /
_c[wprow. Andrzej Krajewski].
246 1 _aKodeks pracy po wielkiej nowelizacji
250 _a[Stan prawny na dzień 2 lutego 1996 r].
260 _aWarszawa :
_b"Infor",
_c1995.
300 _aXL, 200 s. ;
_c21 cm.
500 _aTyt. okł. Kodeks pracy po wielkiej nowelizacji.
504 _aIndeks.
650 9 _aPrawo pracy
_zPolska
700 1 _aKRAJEWSKI, Andrzej.
_eaw
020 _a8386143681
040 _cBPK
041 0 _apol
080 _a349.2(438)
920 _a83-86143-68-1
942 _cKS
008 s pl f |000 0 pol
999 _c30824
_d30824
856 _uhttp://koha.tu.koszalin.pl/cgi-bin/koha/opac-detail.pl?biblionumber=30824
_yKatalog online BPK